[Event "BL 15/16 Bremen - Schwäbisch Hall"]
[Site "?"]
[Date "2016.04.23"]
[Round "14.3"]
[White "Gharamian, Tigran"]
[Black "Bluebaum, Matthias"]
[Result "0-1"]
[WhiteElo "2627"]
[BlackElo "2628"]
[Annotator "Matthias Krallmann"]
[PlyCount "82"]
[EventDate "2016.??.??"]
[SourceDate "2015.04.14"]

1. e4 e6 2. d4 d5 3. Nc3 Nf6 4. e5 Nfd7 5. f4 c5 6. Nf3 Be7 7. Be3 O-O 8. Qd2
b6 9. Nd1 a5 10. c3 Ba6 (10... a4 11. Bd3 Ba6 12. Bxa6 Rxa6 13. O-O Ra8 14. f5
exf5 15. Qc2 g6 16. Bh6 Re8 17. Ne3 Nf8 18. g4 f4 19. Nf5 Ne6 20. Nd6 Bxd6 21.
exd6 Nc6 22. Rae1 Qxd6 23. Ne5 cxd4 {0-1 Pirrot,D (2373)-Bluebaum,M (2530)/Bad
Wiessee 2014/EXT 2015}) 11. Bxa6 Nxa6 12. Qe2 (12. O-O b5 13. Bf2 Nb6 14. Ne3
Nc4 15. Qe2 Qd7 16. Bh4 Nxe3 17. Bxe7 Nxf1 18. Bxf8 Nxh2 19. Bxc5 Nxf3+ 20.
Qxf3 Nxc5 21. dxc5 a4 22. Qe3 Qc6 23. Kf2 h6 24. Ke2 Rc8 25. b4 axb3 26. axb3
b4 27. Ra5 d4 28. cxd4 Qxg2+ 29. Kd3 h5 30. Kc4 h4 31. Ra1 Qd5+ 32. Kxb4 Rb8+
33. Ka3 Ra8+ 34. Kb2 Qg2+ 35. Kb1 Qf1+ {0-1 Souleidis,G (2420)-Svane,R (2477)/
Hamburg 2014/CBM 159 Extra}) 12... Ndb8 13. O-O Qd7 14. Bf2 Nc6 15. Ne3 b5 16.
Rad1 {[#] Diese Stellung wurde während der Live-Kommentierung im Weserstadion
diskutiert. Karl-Ernst Blübaum, der Vater von Matthias, meinte, dass der
letzte weiße Zug die Drohung 17.f5 aufstellen würde, weil Schwarz dann nicht
exf5 spielen könne, da nach 18.dxc5 der Bauer auf d5 zweimal bedroht sei. Ich
schlug 16. ... c4 nebst b4 vor. Matthias spielte 16. ... cxd4, war aber nach
der Partie nicht zufrieden mit diesem Zug, da er die Spannung zu früh
auflöse und das Gegenspiel am Damenflügel zu langsam sei.} cxd4 17. cxd4 a4
18. h4 Nc7 (18... Na5 19. h5 h6 (19... Nc4 20. h6 g6 21. Ng4 a3 (21... Kh8 22.
b3 axb3 23. axb3 Na5 24. Bh4 Bxh4 25. Nxh4 Nxb3 26. Nf6 Qc7 27. f5 {mit Angriff
}) 22. b3 Nb2 23. Rd2 Nb4 24. Ra1 Rac8 25. Bh4 Bxh4 26. Nxh4 Qc6 {mit
verteilten Chancen}) 20. Bh4 Nc4 21. Bxe7 Qxe7 22. f5 Nxe3 23. f6 gxf6 24. Qxe3
{Weiß hat gefährlichen Angriff.}) 19. Ng4 Kh8 20. Rc1 Rac8 21. h5 h6 22. Qd2
Na8 23. Bh4 Nb6 $2 {[#]} (23... Bxh4 24. Nxh4 $11) 24. b3 (24. f5 exf5 25. Nxh6
(25. Bf6 Bxf6 26. Nxf6 Qe6 27. b3 {mit Kompensation für den geopferten Bauern})
25... Nc4 26. Qf4 f6 27. exf6 Bxf6 28. Nxf5 Nxb2 29. Bxf6 Rxf6 30. Ne5 {
mit Vorteil für Weiß}) (24. Bf6 $1 {Hier hatte Weiß seine Chance. Der Computer
zeigt klaren Vorteil für Weiß an, aber die folgenden Varianten geben
sicherlich nicht das an, was zwei Menschen in Zeitnot an einem Schachbrett
denken.} Bb4 (24... Nc4 25. Rxc4 dxc4 26. f5 Kh7 27. Bxg7 Bg5 28. Bxf8 Bxd2 29.
Nf6+ $18) 25. Qe3 Ne7 26. Nxh6 Rxc1 27. Rxc1 Nc4 28. Rxc4 bxc4 29. f5 gxf6 30.
exf6 Qe8 31. fxe6 fxe6 32. Qg5 $18) 24... axb3 25. axb3 Bxh4 26. Nxh4 Qe7 27.
Qf2 $2 {[#] Nach diesem Fehler kippt die Partie und Matthias kommt in Vorteil.}
(27. Nf3 Kg8 28. f5 exf5 29. Ne3 g6 30. Qd3 Qe6 31. Qxb5 Ne7 32. hxg6 fxg6 33.
Rxc8 Rxc8 34. Ra1 Rc7 {Schwarz kann sich erfolgreich verteidigen.}) 27... Nxd4
28. g3 Nxb3 29. Rb1 Nc5 30. Rxb5 Nc4 31. Kh2 Ne4 {[#] Nach der Partie
bezeichnete Matthias e4 als das Traumfeld für seinen Springer. Jetzt kommt es
ganz bitter für Weiß. Seine beiden Springer stehen abseits und Gharamians
Stellung wird im Wirbel der Blübaumschen Figuren auseinandergenommen.} 32. Qg2
Ncd2 33. Re1 Rc2 34. Kh3 Rfc8 35. Re2 Nc3 36. Rxd2 Rxd2 37. Qxd2 Nxb5 38. Qd3
Qb4 39. f5 Qc4 40. Qd1 Nc3 41. Qa1 Ne4 {Als nun auch noch der zweite Springer,
der zwischenzeitlich über a8 manövriert wurde, das Zentralfeld e4 erreicht,
hatte der Franzose genug gesehen.} 0-1

[Event "BL 15/16 Bremen - Schwäbisch Hall"]
[Site "?"]
[Date "2016.04.23"]
[Round "14.6"]
[White "Smerdon, David"]
[Black "Womacka, Mathias"]
[Result "1-0"]
[WhiteElo "2529"]
[BlackElo "2429"]
[Annotator "Krallmann / Buchal"]
[PlyCount "73"]
[EventDate "2016.??.??"]
[SourceDate "2015.04.14"]

1. d4 {M.K.} Nf6 2. Bg5 Ne4 3. Bf4 c5 4. f3 Qa5+ 5. c3 Nf6 6. d5 Qb6 {Diagramm
[#]} 7. e4 {Normalerweise deckt Weiß den Bauern b2 mit b2-b3 oder Lf4-c1.
Aber David spielt am liebsten nach vorne!} Qxb2 8. Nd2 Qxc3 9. Bc7 Na6 {
Nach längerem nachdenken gespielt, offensichtlich war Womacka hier nicht mehr
"im Buch". M.K.: '?!'} (9... Qe3+ 10. Ne2 d6 {schafft der Dame ein sicheres
Rückzugsfeld auf h6 (!). Aber natürlich hat Weiß riesigen
Entwicklungsvorsprung und damit Kompensation.} 11. Nc4 {M.K.} Qh6 12. Ba5 g5
13. Bd2 Qh4+ 14. g3 Qh5 15. Bg2 Bh6 16. g4 Qg6 17. Qc1 Bg7 18. h4 h5 19. hxg5
hxg4 20. Rxh8+ Bxh8 21. gxf6 gxf3 22. Bxf3 Qxf6 23. Bc3 Qxf3 24. Bxh8 Qh1+ 25.
Kd2 Qxh8 26. Qh1 Qxh1 27. Rxh1 Nd7 28. Rh8+ Nf8 29. Nf4 Bd7 30. Rg8 O-O-O 31.
Rg7 Be8 32. Ne3 e6 33. Rg8 Bb5 34. Rg7 exd5 35. Nfxd5 Ng6 36. Nc3 Be8 37. Nf5
Ne5 38. Ke3 Bc6 39. Kf4 b5 40. Nxd6+ Rxd6 41. Kxe5 Rd7 42. Rg8+ Kc7 43. a3 Rd3
{0-1 Ivanisevic,I (2602)-Nataf,I (2596)/France 2007/CBM 116 Extra}) 10. Bxa6
bxa6 11. Rb1 (11. Ne2 {M.K.} Qd3 12. Rb1 a5 13. O-O g6 14. Rb3 Qa6 15. Nc3 a4
16. Rb5 Bh6 17. Nc4 d6 18. e5 dxe5 19. Rxc5 O-O 20. Rc6 Qb7 21. Bxe5 Bd7 22.
Rc7 Qa6 23. d6 Rfc8 24. Qd4 exd6 25. Rxc8+ Rxc8 26. Nxd6 Rc6 27. Rb1 Ne8 28.
Nxf7 Kxf7 29. Qxd7+ Kf8 30. Nd5 Re6 31. Qxh7 Rxe5 32. Qh8+ {1-0 Sulava,N (2497)
-Suarez Real, A (2417)/France 2008/EXT 2010}) 11... d6 12. Ne2 {M.K.: 'David
meinte nach der Partie, dass er hier sehr schönen Angriff für den geopferten
Bauern hätte.'} Qe3 {M.K.: '?' M.K.: 'Nach diesem Fehler steht Weiß im höheren
Sinne bereits auf Gewinn.'} ({Houdini plädiert hier für} 12... Qa3 13. Qc2 (
13. Nc4 {M.K.} Qxa2 14. Ne3 c4 15. Qc1 Qa4 16. Nxc4 Qd7 17. Na5 g6 $11) 13...
Bd7 14. Rb3 Ba4 15. Rxa3 Bxc2 16. O-O g6 17. Rc1 Bxe4 18. fxe4 $14 Bh6 {M.K.}
19. Ba5 Bxd2 20. Bxd2 Nxe4 21. Be3 $11) 13. Qa4+ (13. Nc4 {M.K.} Qg5 14. O-O
$16) 13... Bd7 14. Qxa6 {M.K.: 'Diagramm #'} g6 {M.K.: '?'} (14... Qg5 {M.K.}
15. Rb7 (15. Bb8 g6 16. g3 Bh6 17. f4 Qh5 18. Qb7 O-O 19. Qxa8 Bg4 20. Qxa7 (
20. Nc3 $2 Bxf4 $19) 20... Bxe2 21. Qa3 c4 $44) 15... Bc8 (15... Nxe4 16. Nxe4
Qxg2 17. N2g3 $18) (15... Nxd5 16. Rxa7 Rxa7 17. Qxa7 f5 18. Qa8+ Kf7 19. Qxd5+
Be6 20. h4 $18) 16. Qa4+ Bd7 (16... Nd7 17. Rxa7 Rxa7 18. Qxa7 f5 19. Qa8 $18)
17. Qb3 Rc8 18. Rb8 $18) 15. Nc4 {M.K.: '+-'} Qg5 16. Kf2 (16. Qxa7 {M.K.} Rxa7
(16... Rc8 17. O-O Bg7 18. Bxd6 exd6 19. Nxd6+ Ke7 20. Nxc8+ Rxc8 21. Rfc1 $16)
17. Rb8+ Bc8 18. Rxc8+ Kd7 19. Nb6# {Dieses schöne Mattbild wurde von einem
Zuschauer bei der Livekommentierung entdeckt.}) 16... Nxd5 $2 {übersieht eine
"Kleinigkeit".} 17. exd5 Qxd5 {[#]} 18. Qxa7 {Sehr hübsch. Allerdings war das
verdeckte} (18. Rhe1 $18 {noch stärker, wegen der undeckbaren Drohung 19.Sxd6.
}) 18... f5 (18... Rxa7 {M.K.} 19. Rb8+ Bc8 20. Rxc8+ Kd7 21. Nb6+ Kc6 22. Nxd5
Kxd5 23. Nf4+ Ke5 24. Kg3 $16) 19. Rb8+ Rxb8 20. Qxb8+ Kf7 21. Nb6 Qc6 22. Nxd7
Qxd7 $16 {und David gewann nach 37 Zügen.} 23. Rd1 Bg7 24. Qb3+ Qe6 25. Qxe6+
Kxe6 26. a4 Kd7 27. Bb6 Kc6 28. a5 e5 29. Rb1 Ra8 30. Nc3 e4 31. Nb5 d5 32. Nc7
Rc8 33. Ne6 Bc3 34. Nxc5 Ra8 35. Rc1 Bd4+ 36. Kf1 Kb5 37. Nd7 1-0

[Event "BL 15/16 Bremen - Schwäbisch Hall"]
[Site "?"]
[Date "2016.04.23"]
[Round "14.8"]
[White "Koop, Thorben"]
[Black "Raykhman, Alexander"]
[Result "1-0"]
[WhiteElo "2423"]
[BlackElo "2418"]
[Annotator "Krallmann / Buchal"]
[PlyCount "41"]
[EventDate "2016.??.??"]
[SourceDate "2015.04.14"]

1. d4 Nf6 2. Nf3 g6 3. g3 Bg7 4. Bg2 O-O 5. O-O d6 6. c4 Nc6 7. h3 {Matthias
Krallmann: 'Ein Spezialsystem von Thorbens Trainer Lev Gutman, der damit schon
viele Partien spielte. Der Hauptzug ist 7.Sc3.'} a6 8. Be3 {Eine Spezialität
vom Trainer - Lev Gutman!} Rb8 (8... Bd7 {Matthias Krallmann} 9. Nc3 Rb8 10.
Rc1 b5 11. b3 bxc4 12. bxc4 Re8 13. Nd2 e5 14. d5 Nd4 15. Bg5 Nf5 16. g4 Ne7
17. c5 dxc5 18. Nde4 Nxe4 19. Nxe4 Rb6 20. d6 cxd6 21. Nxd6 Ba4 22. Qxa4 Rxd6
23. Rfd1 Rd4 24. Rxd4 cxd4 25. Qxa6 h6 26. Bd2 Nd5 27. Be4 Kh7 28. a4 Nf6 29.
Qd3 Nxe4 30. Qxe4 Qd7 31. a5 f5 32. Qc6 Qe7 33. a6 e4 34. a7 e3 35. fxe3 dxe3
36. Be1 Qf8 37. gxf5 gxf5 38. Qb7 f4 39. Rc7 f3 40. Bc3 {1-0 Gutman,L (2408)
-Buchal,S (2255)/Verden an der Aller 2014/CBM 163 Extra}) 9. Qc1 b5 $146 {
Eine interessante Idee im Stile des Wolga-Gamibts.  Matthias Krallmann: 'Mutig,
aber objektiv schlecht.'} (9... Bd7 {Matthias Krallmann} 10. Rd1 (10. Bh6 b5
11. Bxg7 Kxg7 12. cxb5 axb5 13. Rd1 Rb6 $11) 10... Qc8 11. Kh2 b5 12. cxb5 axb5
13. Ne1 Nd8 $11 {Das sieht etwas passiv aus, ist aber solider als die riskante
Fortsetzung von Raykhman.}) 10. cxb5 Nb4 11. bxa6 Bxa6 12. Re1 Nfd5 $2 {
Diagramm [#]} (12... Nbd5 {Matthias Krallmann} 13. Bh6 Bxh6 14. Qxh6 e5 (14...
Rxb2 $2 15. e4 Nb4 16. e5 $18) 15. b3 exd4 16. Nxd4 Bb7 17. e4 Nb4 18. Qd2 c5
19. Nc2 $16) 13. Bh6 $1 {Nach fast 20 Minuten Bedenkzeit findet Thorben den
stärksten Zug. Keine Angst vorm Qualitätsverlust!} Bxh6 {Raykhman überlegt
10 Minuten und greift zu!} 14. Qxh6 {Matthias Krallmann: 'Das schwarze
Eröffnungsexperiment ist in die Hose gegangen. Thorben steht hier bereits auf
Gewinn. Es ist allerdings äußerst sehenswert, wie er nun konsequent auf Matt
spielt.'} Nc2 $2 {Das geht gar nicht.} ({Aber auch nach} 14... Nf6 15. Nc3 Bb7
16. e4 {steht Schwarz grottenschlecht.}) 15. Nc3 Nf6 16. Ng5 e6 17. Nce4 Re8 {
[#] Vielleicht hatte sich Raykhman darauf verlassen, dass die Dame auf f6 den
Laden zusammenhält. Aber Thorben hatte weiter gerechnet:} 18. Rec1 $1 Rxb2 (
18... Nxa1 $2 19. Rxc7 $3 {und Matt ist unvermeidlich.}) 19. Rab1 Rxb1 20. Rxb1
Qe7 21. Rc1 {[#] und wieder kommt das gleiche Motiv zum Tragen: Matthias
Krallmann: 'Diagramm # Schwarz gab hier bereits auf. Nach 21 ... Sxd4 folgt
vernichtend 22. Txc7 Sf5 23.Sxf6+ Dxf6 24.Dxh7+ Kf8 25.Txf7+ nebst Matt.'} (21.
Rc1 Nxd4 22. Rxc7 $1) 1-0

[Event "2.BLN 1516 SV Werder Bremen - Rotation"]
[Site "?"]
[Date "2016.01.31"]
[Round "6.1"]
[White "Neumeier, Lars"]
[Black "Werle, Jan"]
[Result "0-1"]
[WhiteElo "2354"]
[BlackElo "2548"]
[Annotator "Buchal,Stephan"]
[PlyCount "82"]
[EventDate "2016.??.??"]
[SourceDate "2015.04.14"]

1. d4 Nf6 2. c4 e6 3. Nf3 b6 4. g3 Ba6 5. Qc2 Bb7 6. Bg2 c5 7. O-O cxd4 8. Nxd4
Bxg2 9. Kxg2 Qc7 10. Bg5 Nc6 11. Nf3 Be7 12. b3 {Diagramm [#]} h6 $1 {Lockt
den Läufer auf ein schlechteres ....} 13. Bf4 Qb7 {... und platziert die Dame
auf ein besseres Feld.} 14. Nc3 $4 {Schon reingefallen!} g5 $1 {und weg ist
die Figur!} 15. Qd2 gxf4 16. Qxf4 Qb8 17. Qc1 Ne5 18. Nd4 h5 19. e4 h4 20. f4
h3+ 21. Kh1 Neg4 22. Nf3 Qb7 23. Qe1 Bb4 24. e5 Nh5 25. a3 Bxc3 26. Qxc3 Ng7
27. Rae1 Nf5 28. Qd3 O-O-O 29. c5 bxc5 30. Rc1 Kb8 31. Rxc5 Ka8 32. b4 Nfe3 33.
Rb5 Nxf1 34. Kg1 Qc6 35. Rc5 Qb6 36. Nd4 Qb7 37. Kxf1 Qh1+ 38. Ke2 Qxh2+ 39.
Ke1 Qf2+ 40. Kd1 Ne3+ 41. Kc1 Qf1+ 0-1

[Event "2.BLN 1516 SV Werder Bremen - Rotation"]
[Site "?"]
[Date "2016.01.31"]
[Round "6.8"]
[White "Charmeteau, Sven"]
[Black "Boetzer, Detlef"]
[Result "1-0"]
[WhiteElo "2264"]
[BlackElo "2257"]
[Annotator "Buchal,Stephan"]
[PlyCount "77"]
[EventDate "2016.??.??"]
[SourceDate "2015.04.14"]

1. e4 e6 2. d4 d5 3. Nc3 Nf6 4. e5 Nfd7 5. f4 c5 6. Nf3 Nc6 7. Be3 cxd4 8. Nxd4
Qb6 9. Qd2 Qxb2 10. Rb1 Qa3 11. Ncb5 Qxa2 12. Rb3 Rb8 13. Be2 Qa5 14. c3 a6 15.
Nd6+ Bxd6 16. exd6 Nxd4 17. Qxd4 O-O 18. O-O Nf6 19. Bd3 Re8 20. Rf3 Qd8 21.
Rg3 g6 22. f5 e5 23. Qa7 Bd7 24. Bb6 Qc8 25. Bc7 Ra8 26. Qf2 Ne4 27. Bxe4 dxe4
28. f6 Re6 29. Rb1 a5 30. c4 a4 31. Ra3 Ra6 32. c5 Bc6 33. Qh4 Qf8 34. g4 h6
35. Rf1 Kh7 {Diagramm [#]} 36. Rh3 $1 {gibt "freiwillig" die Blockade des
gefährlichen a-Bauern auf.} a3 $2 {"droht was"?} (36... Ra8 $15) 37. Bd8 $3 {
und ob!} h5 38. Be7 Qg8 39. Qg5 1-0

[Event "2.BLN 1516 Preetzer TSV - SV Werder Bre"]
[Site "?"]
[Date "2016.02.21"]
[Round "7.5"]
[White "Steingraeber, Kai Uwe"]
[Black "Hansen, Mads"]
[Result "0-1"]
[WhiteElo "2154"]
[BlackElo "2303"]
[PlyCount "124"]
[EventDate "2016.??.??"]
[SourceDate "2015.04.14"]

1. e4 c5 2. Nf3 d6 3. d4 cxd4 4. Nxd4 Nf6 5. Nc3 a6 6. Bg5 Nbd7 7. Qe2 e6 8.
O-O-O Be7 9. f4 Qc7 10. g4 h6 11. Bh4 g5 12. fxg5 Nh7 13. g6 Bxh4 14. gxh7 Ne5
15. Nf3 Bf6 16. Nd4 Bd7 17. Rg1 Rxh7 18. Qf2 Bg7 19. Rg3 Rc8 20. Kb1 Qc5 21.
Qd2 b5 22. Nb3 Qc7 23. Qxd6 Bf8 24. Qxa6 b4 25. Bb5 f6 26. Qxe6+ Re7 27. Qa6
bxc3 28. Rxc3 Bc6 29. Na5 Re6 30. Rd5 Kf7 31. Rxe5 Qxe5 32. Bxc6 Rb8 33. Nb3
Kg6 34. Qa7 Qxh2 35. Bd7 Rd6 36. Bf5+ Kg5 37. Qe3+ Qf4 {Diagramm [#]} 38. Qg1
$2 (38. Qe2 $142 $18) 38... Rbd8 {plötzlich stellt Schwarz eine DROHUNG auf ..
. im 30-Sekunden Rhythmus verliert Kai Uwe die Nerven.} 39. Nc1 $4 (39. Rd3 $8
Rxd3 40. cxd3 Rxd3 41. Nd4 $1 $18) 39... Rd1 40. Qe3 Bd6 41. a4 Qxe3 42. Rxe3
Rxc1+ 43. Kxc1 Bf4 44. b4 Bxe3+ 45. Kb2 Kf4 46. Kb3 Bd2 47. Kc4 Ke5 48. Kc5 Rb8
49. b5 Ba5 50. Bd7 Kxe4 51. c4 Ke5 52. Kc6 Rb6+ 53. Kc5 Rb7 54. Bc6 Rb8 55. Bd7
Bb6+ 56. Kb4 Kd4 57. a5 Bc5+ 58. Kb3 Ra8 59. a6 Rd8 60. Bc6 Rh8 61. Ka4 Kxc4
62. Ka5 h5 0-1

[Event "2.BLN 1516 SSC Rostock - SV Werder Brem"]
[Site "?"]
[Date "2016.03.14"]
[Round "8.1"]
[White "Joachim, Sven"]
[Black "Tomczak, Jacek"]
[Result "0-1"]
[WhiteElo "2395"]
[BlackElo "2603"]
[Annotator "Buchal,Stephan"]
[PlyCount "104"]
[EventDate "2016.??.??"]
[SourceDate "2015.04.14"]

1. e4 c6 2. d4 d5 3. Nd2 dxe4 4. Nxe4 Bf5 5. Ng3 Bg6 6. h4 h6 7. Nf3 Nd7 8. h5
Bh7 9. Bd3 Bxd3 10. Qxd3 e6 11. Bd2 Ngf6 12. O-O-O Be7 13. Kb1 Qb6 14. c4 O-O
15. Bf4 Rfd8 16. Qc2 Qa5 17. Nf1 b5 18. c5 Nd5 19. Bd2 b4 20. g4 e5 21. Ne3
exd4 22. Nxd5 cxd5 23. g5 Nxc5 24. Qf5 Qa6 25. gxh6 b3 26. a3 Qc8 27. h7+ Kh8
28. Qxf7 Bf6 29. h6 Nd3 {Diagramm [#]} 30. Rc1 $1 {sehr stark gespielt - Sven
steht auf Gewinn! Aber beide haben nicht mehr viel Zeit ...} Nxc1 $2 {Objektiv
falsch. Aber wer will das kritisieren?} (30... Qd7 {war besser, aber auch das
ist sehr, sehr gut für Weiß:} 31. hxg7+ Bxg7 32. Qxd7 Rxd7 33. Nh4 Kxh7 34.
Rcg1 $1 Kg8 35. Nf5 $18) 31. hxg7+ $2 {schade, schade, ....} (31. Nh4 $3 {
Von den Spielern erst in der gemeinsamen Analyse entdeckt. Schwarz hat keine
Verteidigung.}) 31... Bxg7 32. Rxc1 Qd7 33. Ng5 Qxf7 34. Nxf7+ Kxh7 35. Nxd8
Rxd8 36. Rh1+ Kg6 37. Rh3 Rb8 38. Kc1 Kf5 39. Kd1 Ke4 40. Rh7 Be5 41. Re7 Rh8
42. f3+ Kf5 43. Ke2 Rh2+ 44. Kd3 Rh3 45. Rf7+ Ke6 46. Rf8 Bg7 47. Rf4 Be5 48.
Rf8 Bf6 49. Ke2 Rh2+ 50. Kd3 Rf2 51. f4 Rf3+ 52. Ke2 Rh3 0-1